| 000 | 00493nam a2200181 a 4500 | ||
|---|---|---|---|
| 001 | 1849 | ||
| 005 | 20140414131933.0 | ||
| 008 | 010424s19uu xx 00 eng d | ||
| 020 | _a971-08-2962-9 | ||
| 050 |
_aREF 499.211 _bE36 1977 |
||
| 100 | _aEnglish, Leo James | ||
| 245 |
_aEnglish - Tagalog dictionary / _cby Leo Jame English. |
||
| 260 |
_aManila, Philippines : _bNational Bookstore, _c1977. |
||
| 300 | _a1211 p. ; cm. | ||
| 650 | _aTitle. | ||
| 999 |
_c112332 _d112332 |
||